| 000 | 01529nam a2200349 c 4500 | ||
|---|---|---|---|
| 999 |
_c14234 _d14234 |
||
| 003 | BLK | ||
| 005 | 20230407030345.0 | ||
| 008 | 180412b bul|||||r ||||||| ||bul|| | ||
| 010 | _aKNG00015935000 | ||
| 040 | _aBLK | ||
| 041 |
_aBUL _cBUL |
||
| 072 | 7 |
_2bullib _aЯ _xАвтографи |
|
| 080 |
_aЛитературна дейност. Редактиране. Култура на речта. Стилистика. Литературна техника _b808 _x(075.3) _z808(075.3) |
||
| 080 |
_aБългарска литература _b821.163.2 _x(075.3) _z821.163.2(075.3) |
||
| 100 | 1 |
_aБратанов, Иво Маринов _eпърви автор _9251538 |
|
| 139 |
_aАвтори и текстове _bА 22 |
||
| 245 | 1 | 0 |
_aАвтори и текстове _bЛит. теми за ученици, зрелостници и кандидат-студенти _cИво Маринов Братанов. |
| 257 | _aBGR | ||
| 260 |
_bБилд АП _c1996 _fРазград : Полиграф |
||
| 300 |
_a188 с. _c20 см |
||
| 380 | _a82 | ||
| 650 | 4 |
_aСъчинения по литература - методика - учебни помагала _9243596 |
|
| 650 | 4 |
_aБългарска литература - учебни помагала _9242720 |
|
| 653 | _aбългарска литература | ||
| 653 | _aучебни помагала | ||
| 659 | _aЯ | ||
| 852 | _aЦб 190692 | ||
| 856 | 4 |
_qpdf _u |
|
| 856 | 4 |
_qpdf _u |
|
| 942 |
_cKNG _n0 _s1 |
||
| 944 |
_aCR _c15.01.2003 _kКети_Илиева |
||
| 944 |
_aED _c21.12.2005 |
||
| 999 | _d14234 | ||
| 999 | _d14234 | ||